[Event "Tournament FMDA (team)"]
[Site "masterchessopen.com - Buenos Aires (Argentina)"]
[Round "4"]
[White "Robledo Nestor Daniel (ARG)"]
[Black "Caramia Javier (ARG)"]
[Result "1-0"]
[WhiteElo "2320"]
[BlackElo "2142"]

1.d4 Nf6 2.c4 c5 3.d5 e6 4.Nc3 exd5 5.cxd5 d6 6.Nf3 g6 7.g3 Bg7 8.Bg2 O-O
9.O-O a6 10.a4 Re8 11.Nd2 Nbd7 12.Nc4 Ne5 13.Nxe5 Rxe5 14.Bf4 Re8 15.Qc2 Rb8
16.Rab1 b5 17.axb5 axb5 18.b4 c4 19.Ra1 Nh5 20.Bd2 f5 21.Ra5 Bd7 22.e3 Nf6
23.Rfa1 Ng4 24.Ra7 Ne5 25.Ne2 Nd3 26.Bc3 Re7 27.Bxg7 Rxg7 28.Qc3 Ne5 29.Nd4
Re7 30.h3 Qe8 31.f4 Nd3 32.Nc6 Bxc6 33.dxc6 Rxa7 34.Rxa7 Qxe3+ 35.Kh2 Qxa7
36.Bd5+ Qf7 37.Bxf7+ Kxf7 38.Qd4 {#r} 1-0

[Event "It (open)"]
[Site "masterchessopen.com - Hamburg (Germany)"]
[Round "6"]
[White "Maiwald Jens-Uwe (GER)"]
[Black "Steil Jochen-Jacob (GER)"]
[Result "1-0"]
[WhiteElo "2459"]
[BlackElo "2245"]

1.Nf3 Nf6 2.g3 g6 3.Bg2 Bg7 4.d4 O-O 5.c4 c5 6.d5 d6 7.O-O e6 8.Nc3 exd5
9.cxd5 Re8 10.Nd2 a6 11.a4 Nbd7 12.Qb3 Ne5 13.h3 Nh5 14.Nde4 Rb8 15.f4 f5
16.fxe5 Bxe5 17.Bg5 Qc7 18.g4 fxg4 19.hxg4 Bxg4 20.Nf6+ Bxf6 21.Bxf6 Nxf6
22.Rxf6 c4 23.Qb4 Qe7 24.Qxd6 Qe3+ 25.Rf2 Rf8 26.Rf1 Rxf2 27.Rxf2 {#r} 1-0

[Event "It (open)"]
[Site "masterchessopen.com - Hamburg (Germany)"]
[Round "2"]
[White "Ottenburg Ralph (GER)"]
[Black "Steil Jochen-Jacob (GER)"]
[Result "0-1"]
[WhiteElo "1950"]
[BlackElo "2245"]

1.Nf3 Nf6 2.g3 g6 3.Bg2 Bg7 4.c4 O-O 5.O-O d6 6.d4 c5 7.d5 e6 8.Nc3 Re8 9.Nd2
exd5 10.cxd5 a6 11.a4 Nbd7 12.e4 Rb8 13.Nc4 Nb6 14.Nxb6 Qxb6 15.a5 Qc7 16.f4
Ng4 17.Ne2 c4 18.Ra3 b5 19.h3 b4 20.Raf3 Qc5+ 21.Kh1 Nf6 22.f5 gxf5 23.Nd4
Nxe4 24.Nc6 Rb5 25.Qa4 Bd7 26.Be3 Qxd5 27.Nxb4 Qb7 28.Nc2 Rxb2 29.Qxc4 Rc8
{#R} 0-1

[Event "Ch Bulgaria (1/2 final)"]
[Site "masterchessopen.com - Sofia (Bulgaria)"]
[Round "1"]
[White "Mitov Borislav (BUL)"]
[Black "Stefanov Krasimir (BUL)"]
[Result "0-1"]
[WhiteElo "2092"]
[BlackElo "2388"]

1.d4 Nf6 2.c4 e6 3.Nc3 c5 4.d5 exd5 5.cxd5 g6 6.g3 Bg7 7.Bg2 O-O 8.Nf3 d6
9.O-O Re8 10.Nd2 a6 11.a4 Nbd7 12.Nc4 Nb6 13.Na3 Bd7 14.h3 h6 15.Bf4 Nh5
16.Bxd6 Bxa4 17.Nxa4 Nxa4 18.Qxa4 Qxd6 19.e4 b5 20.Qc2 c4 21.Rae1 c3 22.Qd3
Rac8 23.f4 b4 24.Rb1 c2 25.e5 cxb1=Q 26.Rxb1 Qc5+ {#R} 0-1

[Event "It (open)"]
[Site "masterchessopen.com - Alcobendas (Spain)"]
[Round "8"]
[White "Bermejo Collado Julian (ESP)"]
[Black "Lozano Luis Miguel (ESP)"]
[Result "1-0"]
[WhiteElo "2316"]
[BlackElo "2158"]

1.d4 Nf6 2.Nf3 c5 3.d5 e6 4.c4 exd5 5.cxd5 d6 6.Nc3 g6 7.g3 Bg7 8.Bg2 O-O
9.O-O Re8 10.Nd2 a6 11.a4 Nbd7 12.Nc4 Nb6 13.Na3 Bd7 14.a5 Nc8 15.Nc4 Bb5
16.Qb3 Bxc4 17.Qxc4 Nd7 18.Qd3 Qc7 19.b3 b5 20.axb6 Qxb6 21.Ra3 Qb7 22.Ne4 h6
23.Bf4 Qb6 24.Rb1 g5 25.Be3 Ne5 26.Qc2 Ng4 27.b4 Nxe3 28.Rxe3 Qd8 29.bxc5 f5
30.Nd2 Rxe3 31.fxe3 Qe8 32.Nc4 dxc5 33.d6 Ra7 34.Qxf5 Kh8 35.Rb8 {#r} 1-0

[Event "It (open)"]
[Site "masterchessopen.com - Avoine (France)"]
[Round "0"]
[White "Piankov Evgenij (UKR)"]
[Black "Sanglan Philippe (FRA)"]
[Result "1-0"]
[WhiteElo "2348"]
[BlackElo "2007"]

1.d4 Nf6 2.c4 c5 3.d5 e6 4.Nc3 exd5 5.cxd5 d6 6.Nf3 g6 7.g3 Bg7 8.Bg2 O-O
9.O-O Re8 10.Nd2 a6 11.a4 Nbd7 12.h3 Rb8 13.Nc4 Ne5 14.Na3 Nh5 15.e4 Rf8 16.g4
Bxg4 17.hxg4 Qh4 18.gxh5 Ng4 19.Bf4 {#r} 1-0

[Event "Ch World (juniors) (under 16)"]
[Site "masterchessopen.com - Bratislava (Slovakia)"]
[Round "11"]
[White "Luna Mariano (ARG)"]
[Black "Stocek Jiri (CZE)"]
[Result "0-1"]
[WhiteElo "2090"]
[BlackElo "2210"]

1.d4 Nf6 2.c4 g6 3.Nc3 Bg7 4.g3 O-O 5.Bg2 c5 6.d5 d6 7.Nf3 e6 8.O-O exd5
9.cxd5 a6 10.a4 Re8 11.Nd2 Nbd7 12.Nc4 Nb6 13.Na3 Bd7 14.e4 Rb8 15.h3 Nc8
16.Qd3 Qa5 17.Bd2 b5 18.Ncxb5 Qxa4 19.Nc7 Rxe4 20.Nc2 c4 21.Rxa4 cxd3 22.Bxe4
Bxa4 23.Bxd3 Rxb2 24.Rc1 Ne7 25.Bc3 Rb7 26.Nxa6 Nfxd5 27.Bxg7 Bxc2 28.Rxc2
Kxg7 29.Kg2 Kf6 30.Rc4 Rb2 31.Re4 Nf5 32.Kf3 Rb3 33.Ke2 Nc3+ 34.Kf1 Nxe4
35.Bxe4 Ke5 36.Bc2 Rb6 {#R} 0-1

[Event "It (open) \"]
[Site "masterchessopen.com - Buenos Aires (Argentina)"]
[Round "9"]
[White "Devcic Marcos (ARG)"]
[Black "Garbarino Rodolfo (ARG)"]
[Result "0-1"]
[WhiteElo "2305"]
[BlackElo "2405"]

1.d4 Nf6 2.c4 c5 3.d5 e6 4.Nf3 exd5 5.cxd5 d6 6.g3 g6 7.Bg2 Bg7 8.O-O O-O
9.Nc3 a6 10.a4 Re8 11.Nd2 Nbd7 12.Re1 Rb8 13.Nc4 Ne5 14.Na3 Nh5 15.e4 Bd7
16.Qc2 b5 17.axb5 axb5 18.Nd1 f5 19.Bd2 Ra8 20.Rc1 Rf8 21.Bc3 f4 22.Bxe5 Bxe5
23.Qd3 c4 24.Qe2 Qb6 25.Kh1 fxg3 26.fxg3 Bxg3 {#R} 0-1

[Event "It (open)"]
[Site "masterchessopen.com - Burgas (Bulgaria)"]
[Round "3"]
[White "Sidorov Anatoly (RUS)"]
[Black "Stefanov Plamen (BUL)"]
[Result "1-0"]
[WhiteElo "2325"]
[BlackElo "2204"]

1.d4 Nf6 2.c4 e6 3.Nc3 c5 4.d5 exd5 5.cxd5 g6 6.g3 Bg7 7.Bg2 O-O 8.Nf3 d6
9.O-O Re8 10.Nd2 a6 11.a4 Nbd7 12.Qb3 Ne5 13.f4 Neg4 14.Nc4 Nh5 15.e3 f5
16.Bd2 Rb8 17.a5 g5 18.Bf3 gxf4 19.exf4 Bd4+ 20.Kg2 Qf6 21.Ne2 Qh6 22.h3 Bd7
23.Rae1 Qg6 24.Qd3 Rxe2+ 25.Rxe2 Nxg3 26.hxg4 Nxe2 27.Bxe2 Re8 28.g5 Bb5 29.b3
Re7 30.Rh1 Rg7 31.Bh5 Qf6 32.Bg4 Qf7 33.Qxf5 {#r} 1-0

[Event "Ch Argentina (team)"]
[Site "masterchessopen.com - Chaco (Argentina)"]
[Round "7"]
[White "Nedilsky Diego (ARG)"]
[Black "Acosta Tomas (ARG)"]
[Result "0-1"]
[WhiteElo "2318"]
[BlackElo "2275"]

1.d4 Nf6 2.c4 c5 3.d5 d6 4.Nc3 g6 5.g3 Bg7 6.Bg2 O-O 7.Nf3 e6 8.O-O exd5
9.cxd5 a6 10.a4 Nbd7 11.Nd2 Re8 12.Nc4 Ne5 13.Nxe5 Rxe5 14.Bf4 Re8 15.Qc2 Rb8
16.Rab1 b5 17.axb5 axb5 18.b4 c4 19.Ra1 Nh5 20.Bd2 Bg4 21.e4 Bd4 22.Kh1 Qf6
23.Ra5 Bd7 24.Ne2 Bb6 25.Bc3 Qg5 26.Ra6 Bc8 27.Ra3 Bd7 28.Nd4 f5 29.exf5 Bxf5
30.Qb2 Bd3 31.Rfa1 Be4 32.Bxe4 Rxe4 33.f3 Ree8 34.Nc6 Rbc8 35.Re1 Re3 36.Qg2
Rce8 37.Rxe3 Bxe3 38.Na5 {#R} 0-1

[Event "It"]
[Site "masterchessopen.com - Godesburg (Germany)"]
[Round "0"]
[White "Roos Thomas (GER)"]
[Black "Dokhoian Yury (RUS)"]
[Result "0-1"]
[WhiteElo "2193"]
[BlackElo "2580"]

1.d4 Nf6 2.c4 e6 3.g3 c5 4.d5 exd5 5.cxd5 d6 6.Nc3 g6 7.Bg2 Bg7 8.Nf3 O-O
9.O-O a6 10.a4 Re8 11.Nd2 Nbd7 12.Ra2 Rb8 13.a5 Qe7 14.Qc2 Nh5 15.Nc4 Ne5
16.Nxe5 Bxe5 17.Na4 Bg7 18.Re1 Bd7 19.Nb6 Bb5 20.b3 f5 21.Bb2 Bxb2 22.Rxb2 Nf6
23.b4 cxb4 24.Rxb4 Ne4 25.Rb3 Nc5 26.Rc3 Qf6 27.e3 Rbd8 28.Rc1 Re7 29.h4 Kh8
30.Ra3 Kg7 31.Qc3 h6 32.Qxf6+ Kxf6 33.Bf1 Be8 34.Rb1 g5 35.hxg5+ hxg5 36.Bg2
Bg6 37.f4 Be8 38.Kf2 Bb5 39.Rd1 Rh8 40.Rd4 gxf4 41.gxf4 Rg7 42.e4 Nxe4+ 43.Kg1
Rhg8 {#R} 0-1

[Event "It"]
[Site "masterchessopen.com - Haifa (Israel)"]
[Round "0"]
[White "Alterman Vladimir I (ISR)"]
[Black "Yudasin Leonid (ISR)"]
[Result "0-1"]
[WhiteElo "2357"]
[BlackElo "2605"]

1.d4 Nf6 2.c4 e6 3.Nf3 c5 4.d5 exd5 5.cxd5 d6 6.Nc3 g6 7.g3 Bg7 8.Bg2 O-O
9.O-O a6 10.a4 Nbd7 11.Nd2 Re8 12.h3 Rb8 13.a5 b5 14.axb6 Nxb6 15.Qc2 Qc7
16.e4 Nfd7 17.Nd1 c4 18.Ne3 Ne5 19.Ra3 Qc5 20.b3 c3 21.Nb1 a5 22.Nxc3 Ba6
23.b4 Qxb4 24.Na2 Qb5 25.Rd1 Rec8 26.Bf1 Qd7 27.Bxa6 Rxc2 28.Nxc2 Nbc4 {#R}
0-1

[Event "It"]
[Site "masterchessopen.com - La Coruna (Spain)"]
[Round "7"]
[White "Glavina Pablo (ARG)"]
[Black "Larrosa Vila Jose (ESP)"]
[Result "0-1"]
[WhiteElo "2405"]
[BlackElo "2164"]

1.d4 Nf6 2.c4 e6 3.g3 c5 4.d5 exd5 5.cxd5 d6 6.Nc3 g6 7.Nf3 Bg7 8.Bg2 O-O
9.O-O Re8 10.Nd2 a6 11.a4 Nbd7 12.Qb3 Qc7 13.h3 Nh5 14.Nc4 f5 15.e4 Bd4 16.Kh2
Ndf6 17.Nb6 Rb8 18.Nxc8 Rbxc8 19.exf5 gxf5 20.Qc2 f4 21.gxf4 Kh8 22.Ne2 Qg7
23.Nxd4 cxd4 24.Qd3 Rxc1 25.Raxc1 Qxg2+ 26.Kxg2 Nxf4+ 27.Kg1 Nxd3 28.Rcd1 Nf4
29.Kh2 d3 30.Kg3 N6xd5 31.Kf3 Rf8 32.Ke4 Nb4 33.Rc1 Ne2 34.Rcd1 Re8+ 35.Kf5
Nd4+ 36.Kf6 Nd5+ 37.Kf7 Re7+ {#R} 0-1

[Event "It (open) \"]
[Site "masterchessopen.com - Nethanya (Israel)"]
[Round "4"]
[White "Lahav Ehud (ISR)"]
[Black "Lipes Yosef (ISR)"]
[Result "1-0"]
[WhiteElo "2287"]
[BlackElo "2107"]

1.d4 Nf6 2.Nf3 c5 3.d5 e6 4.c4 exd5 5.cxd5 d6 6.Nc3 g6 7.g3 Bg7 8.Bg2 O-O
9.O-O Re8 10.Nd2 Nbd7 11.a4 a6 12.Qb3 Rb8 13.Nc4 Ne5 14.Nb6 Qc7 15.a5 Ned7
16.Nxc8 Rexc8 17.Qc2 Re8 18.Ra4 Re7 19.h3 Rbe8 20.Re1 Nh5 21.Bf3 Nhf6 22.b3 c4
23.b4 Ne5 24.Bg2 Nh5 25.g4 Nf6 26.Be3 Qc8 27.g5 Nh5 28.Ne4 Qf5 29.Ra2 Ra8
30.f4 Nxf4 31.Nf6+ Bxf6 32.Qxf5 Nxe2+ 33.Raxe2 gxf5 34.gxf6 Ree8 35.Bf4 c3
36.Rc2 Rac8 37.Bxe5 Rxe5 38.Rd1 {#r} 1-0

[Event "It (open) (b)"]
[Site "masterchessopen.com - Paris (France)"]
[Round "5"]
[White "Derieux Christian (FRA)"]
[Black "Pieri Filippo (ITA)"]
[Result "1-0"]
[WhiteElo "2025"]
[BlackElo "2210"]

1.d4 Nf6 2.c4 c5 3.d5 e6 4.Nc3 exd5 5.cxd5 d6 6.Nf3 g6 7.g3 Bg7 8.Bg2 O-O
9.O-O Nbd7 10.Nd2 a6 11.a4 Re8 12.Nc4 Ne5 13.Na3 Nh5 14.h3 f5 15.Kh2 f4
16.Bxf4 Nxf4 17.gxf4 Qh4 18.e3 g5 19.fxe5 Bxe5+ 20.f4 gxf4 21.Qf3 Rf8 22.e4 h5
23.Nc4 Bd4 24.Ne2 Bg4 25.Qd3 f3 26.Nxd4 cxd4 27.Rg1 f2 28.Qg3 Qxg3+ 29.Kxg3
fxg1=Q 30.Rxg1 Be2 31.Nxd6 d3 32.Nf5 d2 33.Bf3 d1=Q 34.Rxd1 Bxd1 35.Bxd1 Rad8
36.Kf4 h4 37.e5 Kh7 38.d6 Kg6 39.Kg4 Kf7 40.Bb3+ Kg6 41.Nxh4+ Kh7 42.Nf5 b5
43.axb5 axb5 44.e6 Kg6 45.e7 Kf6 {#r} 1-0

[Event "Cup Croatia"]
[Site "masterchessopen.com - Pula (Croatia)"]
[Round "6"]
[White "Grdinic Zvonimir (CRO)"]
[Black "Tolnai Tibor (HUN)"]
[Result "0-1"]
[WhiteElo "2253"]
[BlackElo "2490"]

1.d4 Nf6 2.c4 e6 3.Nf3 c5 4.d5 exd5 5.cxd5 d6 6.Nc3 g6 7.g3 Bg7 8.Bg2 O-O
9.O-O Re8 10.Nd2 a6 11.a4 Nbd7 12.Nc4 Ne5 13.Ne3 Rb8 14.Rb1 Nh5 15.Bd2 f5
16.f4 Nf7 17.Nc2 Bd7 18.b3 Nf6 19.e3 b5 20.axb5 Bxb5 21.Nxb5 axb5 22.b4 Ne4
23.Be1 Qb6 24.g4 Nh6 25.gxf5 Nxf5 26.Kh1 c4 27.Qf3 Qb7 28.Rd1 Ra8 29.Bh3 Qf7
30.Rg1 Kh8 31.Rg2 Ra7 32.Re2 Rae7 33.Na3 Rb7 34.Nc2 Ra7 35.Qg2 Bc3 36.Qf1 Qf6
37.Bf2 Ra2 38.Bxf5 Qxf5 39.Qg2 Bxb4 40.Nd4 Rxe2 41.Nxe2 Nxf2+ 42.Qxf2 Qe4+
{#R} 0-1

[Event "Cup Croatia"]
[Site "masterchessopen.com - Pula (Croatia)"]
[Round "2"]
[White "Jezidzic Gordan (CRO)"]
[Black "Kutuzovic Branko (CRO)"]
[Result "1-0"]
[WhiteElo "2203"]
[BlackElo "2339"]

1.d4 Nf6 2.c4 c5 3.d5 e6 4.Nc3 exd5 5.cxd5 d6 6.Nf3 g6 7.g3 Bg7 8.Bg2 O-O
9.O-O a6 10.a4 Re8 11.Nd2 Nbd7 12.e4 Ne5 13.Qc2 Nh5 14.h3 f5 15.f4 Nxg3
16.fxe5 Nxf1 17.Nxf1 Bxe5 18.Ra3 Bd7 19.Ne2 b5 20.Bf4 Qf6 21.Bxe5 Qxe5 22.Nfg3
f4 23.Nf1 Rf8 24.Nd2 g5 25.Nf3 Qg7 26.Qc1 b4 27.Rd3 Bxa4 28.Nxg5 Bb5 29.Ne6
Qe5 30.N2xf4 Bxd3 31.Nxd3 Qg3 32.Nxf8 Rxf8 33.Qd2 Rf3 34.Nf2 h5 35.e5 Rf7
36.e6 Rg7 37.Ne4 Qe5 38.Kh1 Rg6 39.Qf2 Rg7 40.Nf6+ Kh8 41.Qh4 Rg3 42.Be4 Re3
{#r} 1-0

[Event "It"]
[Site "masterchessopen.com - Rishon le Zion (Israel)"]
[Round "9"]
[White "Davies Nigel R (ENG)"]
[Black "Birnboim Nathan (ISR)"]
[Result "1-0"]
[WhiteElo "2505"]
[BlackElo "2369"]

1.d4 Nf6 2.c4 e6 3.g3 c5 4.d5 exd5 5.cxd5 d6 6.Nc3 g6 7.Nf3 Bg7 8.Bg2 O-O
9.O-O a6 10.a4 Nbd7 11.Nd2 Re8 12.Nc4 Ne5 13.Nxe5 Rxe5 14.Bf4 Re8 15.Qc2 Nh5
16.Bd2 Bd4 17.Rfe1 f5 18.e3 Bh8 19.Rab1 Bd7 20.b4 c4 21.Ne2 Rc8 22.a5 c3
23.Bxc3 f4 24.gxf4 Bxc3 25.Nxc3 Bf5 26.Qd2 Bxb1 27.Rxb1 Rc7 28.Ne4 Rc4 29.Qd3
Rc7 30.Bh3 Qh4 31.Be6+ Kg7 32.Nxd6 Rxe6 33.dxe6 Qg4+ 34.Kf1 Qxe6 35.Ne4 Qh3+
36.Kg1 Kh6 37.Qd8 Qg4+ 38.Ng3 Rd7 39.Qf8+ Ng7 40.Kg2 Qe6 41.Rc1 Rf7 42.Qd8 Nf5
43.Rc5 Nxg3 44.Kxg3 Qe4 45.Qg5+ {#r} 1-0

[Event "It (open) \"]
[Site "masterchessopen.com - Schwabisch Gmund (Germany)"]
[Round "9"]
[White "Fochtler Ekkehard (GER)"]
[Black "Jurasin Marin (GER)"]
[Result "1-0"]
[WhiteElo "2203"]
[BlackElo "2049"]

1.d4 Nf6 2.c4 e6 3.g3 c5 4.d5 exd5 5.cxd5 d6 6.Nc3 g6 7.Bg2 Bg7 8.Nf3 O-O
9.O-O a6 10.a4 Re8 11.Nd2 Nbd7 12.h3 Qc7 13.Nc4 Nb6 14.Na3 c4 15.Bf4 Bf5 16.g4
Bd7 17.Re1 Nxa4 18.Nxa4 b5 19.Rc1 h5 20.g5 Ne4 21.Nc3 Bxc3 22.bxc3 Qc5 23.Qd4
Qxd4 24.cxd4 h4 25.f3 Ng3 26.e4 a5 27.Bxd6 Ra6 28.Bc7 c3 29.Kf2 b4 30.Nc4 a4
31.Nb6 Bb5 32.d6 a3 33.d7 Bxd7 34.Nxd7 a2 35.Nf6+ Rxf6 36.gxf6 Ra8 37.Bd6 b3
38.Bb4 a1=Q 39.Rxa1 Rxa1 40.Rxa1 b2 41.Bxc3 {#r} 1-0

[Event "It (open) \"]
[Site "masterchessopen.com - Schwabisch Gmund (Germany)"]
[Round "6"]
[White "Ksieski Zbigniew (POL)"]
[Black "Jurasin Marin (GER)"]
[Result "1-0"]
[WhiteElo "2353"]
[BlackElo "2049"]

1.d4 Nf6 2.c4 e6 3.g3 c5 4.d5 exd5 5.cxd5 d6 6.Nc3 g6 7.Bg2 Bg7 8.Nf3 O-O
9.O-O a6 10.a4 Re8 11.Nd2 Nbd7 12.Ra2 b6 13.b3 Rb8 14.Nc4 Ne5 15.Qc2 Nfg4
16.h3 Nxc4 17.bxc4 Ne5 18.Qb3 f5 19.Kh2 Bd7 20.f4 Nf7 21.e3 Re7 22.Rff2 g5
23.e4 gxf4 24.Rxf4 Bh6 25.Raf2 Bxf4 26.Rxf4 b5 27.axb5 axb5 28.cxb5 fxe4
29.Nxe4 Rxb5 30.Qc2 Rxe4 31.Bxe4 Ne5 32.Bxh7+ Kg7 33.Bf5 Be8 34.Rf2 Bh5 35.Be4
Qa5 36.g4 Bf7 37.Bb2 Qe1 38.Bxe5+ dxe5 39.d6 Rb4 40.Qd2 Qxe4 41.d7 Rb1 42.Qg5+
Bg6 43.Qe7+ Kh6 44.Qf8+ Kh7 45.Rf7+ Bxf7 46.Qxf7+ {#r} 1-0

[Event "Ch Switzerland (seniors)"]
[Site "masterchessopen.com - Silvaplana (Switzerland)"]
[Round "0"]
[White "Baumgartner Walter (SUI)"]
[Black "Neuenschwander Arn (GER)"]
[Result "1-0"]
[WhiteElo "2087"]
[BlackElo "2150"]

1.d4 Nf6 2.c4 e6 3.g3 c5 4.d5 exd5 5.cxd5 d6 6.Nc3 g6 7.Bg2 Bg7 8.Nf3 O-O
9.O-O Re8 10.Nd2 a6 11.a4 Nbd7 12.e4 Rb8 13.Nc4 Ne5 14.Nxe5 dxe5 15.a5 b5
16.axb6 Rxb6 17.Na4 Rb5 18.Re1 Qd6 19.Qc2 Nd7 20.Be3 Bf8 21.Rec1 Qb8 22.Bf1
Rb4 23.Bd2 Rb3 24.Bc4 Rf3 25.Be3 Qb4 26.Bg5 Be7 27.h4 Bxg5 28.hxg5 Nb6 29.Nxb6
Qxb6 30.Kg2 Bg4 31.Be2 Rxf2+ 32.Kxf2 c4+ 33.Kg2 h5 34.gxh6 f5 35.Bxg4 fxg4
36.Qe2 Rf8 37.Rf1 {#r} 1-0

[Event "It (open)"]
[Site "masterchessopen.com - Antwerpen (Belgium)"]
[Round "0"]
[White "Lacrosse Marc (BEL)"]
[Black "Ljubojevic Ljubomir (SRB)"]
[Result "0-1"]
[WhiteElo "2240"]
[BlackElo "2580"]

1.d4 Nf6 2.c4 g6 3.Nc3 c5 4.d5 Bg7 5.Nf3 d6 6.g3 O-O 7.Bg2 e6 8.O-O exd5
9.cxd5 a6 10.a4 Nbd7 11.Nd2 Re8 12.h3 Rb8 13.Nc4 Nb6 14.Na3 Bd7 15.e4 Qc7
16.Be3 Nh5 17.a5 Nc8 18.Nc4 Bb5 19.Qb3 Na7 20.Rfe1 Bxc4 21.Qxc4 Qd7 22.g4 Nf6
23.b4 Nb5 24.Na4 cxb4 25.Qxb4 Qe7 26.Rac1 h6 27.g5 hxg5 28.Bxg5 Nxd5 29.Qd2
Nf6 30.Nb6 Qe6 31.Qb4 Kh7 32.Rcd1 Nd7 33.Nxd7 Qxd7 34.Bf1 Be5 35.f4 Bg7 36.e5
Rbc8 37.Bxb5 axb5 38.Qb3 Qf5 39.Rxd6 Bxe5 40.Rxe5 Rxe5 41.Rf6 Rc1+ 42.Kf2 Qc2+
43.Qxc2 Rxc2+ {#R} 0-1

[Event "It (open) \"]
[Site "masterchessopen.com - Berlin (Germany)"]
[Round "0"]
[White "Roos Thomas (GER)"]
[Black "Moiseev Viktor (RUS)"]
[Result "0-1"]
[WhiteElo "2193"]
[BlackElo "2414"]

1.d4 Nf6 2.c4 c5 3.d5 e6 4.Nc3 exd5 5.cxd5 d6 6.g3 g6 7.Bg2 Bg7 8.Nf3 O-O
9.O-O a6 10.a4 Nbd7 11.Nd2 Re8 12.Ra2 Rb8 13.a5 b5 14.axb6 Nxb6 15.b3 Nfd7
16.Qc2 f5 17.Bb2 Nf6 18.Rd1 Qe7 19.e3 g5 20.Nc4 Nxc4 21.bxc4 f4 22.e4 Ng4
23.Na4 fxg3 24.hxg3 Rf8 25.Rd2 Ne5 26.Bc3 Bg4 27.Bxe5 Bxe5 28.Nb2 Rb6 29.Nd1
Bd4 30.Ra3 Rfb8 31.Bf3 Bd7 32.Qa2 Qf6 33.Qc2 a5 34.Qd3 a4 35.Qe2 Rb3 36.Rxb3
axb3 37.Nb2 Bc3 38.e5 Bxe5 {#R} 0-1

[Event "It (open)"]
[Site "masterchessopen.com - Buenos Aires (Argentina)"]
[Round "9"]
[White "Robledo Nestor Daniel (ARG)"]
[Black "Rodriguez Jorge Luis (ARG)"]
[Result "0-1"]
[WhiteElo "2320"]
[BlackElo "2401"]

1.d4 Nf6 2.c4 e6 3.g3 c5 4.d5 exd5 5.cxd5 d6 6.Nc3 g6 7.Bg2 Bg7 8.Nf3 O-O
9.O-O a6 10.a4 Re8 11.Nd2 Nbd7 12.Nc4 Ne5 13.Nxe5 Rxe5 14.Bf4 Re8 15.Qc2 Nh5
16.Bd2 Bf5 17.e4 Bd7 18.Rab1 Rc8 19.b4 f5 20.b5 f4 21.Bf3 Bh3 22.Bg2 Qd7
23.Qd3 Rf8 24.Rfe1 Bd4 25.Nd1 fxg3 26.hxg3 Qg4 27.Kh2 Bxg2 28.Kxg2 Rc7 29.Qe2
Rxf2+ 30.Nxf2 Qxg3+ 31.Kf1 Rf7 32.Be3 Qh2 {#R} 0-1

[Event "It"]
[Site "masterchessopen.com - Canete (Spain)"]
[Round "4"]
[White "Gallego Jimenez Victoriano (ESP)"]
[Black "Franco Ocampos Zenon (PAR)"]
[Result "0-1"]
[WhiteElo "2355"]
[BlackElo "2495"]

1.d4 Nf6 2.c4 c5 3.d5 g6 4.Nc3 d6 5.Nf3 Bg7 6.g3 O-O 7.Bg2 e6 8.O-O exd5
9.cxd5 a6 10.a4 Nbd7 11.Nd2 Re8 12.h3 Rb8 13.Nc4 Nb6 14.Ne3 Bd7 15.Bd2 Nc8
16.Rb1 b5 17.axb5 axb5 18.b4 c4 19.Re1 Nh5 20.Nc2 f5 21.e3 Nb6 22.Na3 Nf6
23.Qc2 Ne4 24.Naxb5 Bxb5 25.Nxb5 c3 26.Bc1 Nxd5 27.Qd3 Re5 28.Qc4 Rc8 29.Qb3
Kh8 30.Nd4 Nd2 31.Bxd2 cxd2 32.Bxd5 dxe1=Q+ 33.Rxe1 Qb6 34.Nf3 Re7 35.Ng5 Bf6
36.Ne6 Qb5 37.Rb1 Ra7 38.Qd1 Ra3 39.Bg2 Be5 40.Rc1 Rxc1 {#R} 0-1

[Event "Bundesliga 1994/95"]
[Site "masterchessopen.com - Germany"]
[Round "1"]
[White "Maiwald Jens-Uwe (GER)"]
[Black "Gruenberg Hans-Ulrich (GER)"]
[Result "1-0"]
[WhiteElo "2445"]
[BlackElo "2402"]

1.d4 Nf6 2.c4 e6 3.g3 c5 4.d5 exd5 5.cxd5 d6 6.Nc3 g6 7.Bg2 Bg7 8.Nf3 O-O
9.O-O a6 10.a4 Nbd7 11.Nd2 Re8 12.a5 Rb8 13.Nc4 Ne5 14.Nb6 Ned7 15.Nc4 Ne5
16.Nb6 Nfd7 17.Nxc8 Rxc8 18.Bh3 f5 19.e4 Qf6 20.exf5 gxf5 21.Qh5 Rf8 22.Ne2
Nd3 23.Nf4 Nxf4 24.Bxf4 Ne5 25.Ra3 Qg6 26.Qd1 c4 27.Bxe5 Bxe5 28.Ra4 Rc7
29.Re1 Qg7 30.b3 cxb3 31.Qxb3 f4 32.Qd1 Kh8 33.Bg2 Rc3 34.Qd2 Bd4 35.Qxd4 {#r}
1-0

[Event "It (open) (juniors) (under 20)"]
[Site "masterchessopen.com - Hengelo (Netherlands)"]
[Round "7"]
[White "Friesen Boris (NED)"]
[Black "Wemmers Xander (NED)"]
[Result "0-1"]
[WhiteElo "2081"]
[BlackElo "2414"]

1.d4 Nf6 2.c4 e6 3.g3 c5 4.d5 exd5 5.cxd5 g6 6.Nc3 d6 7.Nf3 Bg7 8.Bg2 O-O
9.O-O a6 10.a4 Re8 11.Nd2 Nbd7 12.h3 Nh5 13.Kh2 f5 14.f4 Qc7 15.e4 fxe4
16.Ndxe4 Nhf6 17.Ng5 Nf8 18.Nce4 Nxe4 19.Nxe4 Bf5 20.Re1 b5 21.g4 Bd7 22.Qf3
h6 23.f5 gxf5 24.gxf5 Nh7 25.f6 Rf8 26.Qg3 Nxf6 27.Nxf6+ Rxf6 28.Bxh6 Be8
29.Bxg7 Qxg7 30.Qxg7+ Kxg7 31.Re7+ Rf7 32.Rxf7+ Kxf7 33.axb5 Bxb5 34.Kg3 Rg8+
35.Kf3 Bc4 36.Kf2 Rb8 37.Rb1 Bd3 38.Rd1 Rxb2+ 39.Kf3 Be2+ {#R} 0-1

[Event "Ch India"]
[Site "masterchessopen.com - India"]
[Round "4"]
[White "Murugan Krishnamoorthy (IND)"]
[Black "Hegde Ravi Gopal (IND)"]
[Result "0-1"]
[WhiteElo "2440"]
[BlackElo "2380"]

1.d4 Nf6 2.c4 c5 3.d5 g6 4.Nc3 Bg7 5.g3 O-O 6.Bg2 d6 7.Nf3 e6 8.O-O exd5
9.cxd5 a6 10.a4 Re8 11.Nd2 Nbd7 12.Qb3 Ne5 13.f4 Neg4 14.Nc4 Nh5 15.e3 f5
16.Bd2 Rb8 17.a5 Qc7 18.Rfe1 Bd7 19.Bf3 Nhf6 20.Nb6 Re7 21.h3 Nh6 22.Kh2 Nf7
23.Qc4 Rbe8 24.Rac1 Qd8 25.b4 cxb4 26.Qxb4 g5 27.Bg2 h5 28.Nc4 h4 29.gxh4 gxf4
30.exf4 Ng4+ 31.hxg4 Rxe1 32.g5 Rxc1 33.Bxc1 Qc7 34.Bd2 Rc8 35.Bf1 Qc5 36.Qxc5
Rxc5 37.Nb1 Bb5 38.Ne3 Bxf1 39.Nxf1 Rxd5 40.Kg2 Rd3 41.Be3 d5 {#R} 0-1

[Event "It (open)"]
[Site "masterchessopen.com - Isle of Man (Great Britain)"]
[Round "6"]
[White "Arkell Keith C (ENG)"]
[Black "Quillan Gary (ENG)"]
[Result "1-0"]
[WhiteElo "2470"]
[BlackElo "2325"]

1.d4 e6 2.c4 Nf6 3.Nc3 c5 4.d5 exd5 5.cxd5 d6 6.Nf3 g6 7.g3 Bg7 8.Bg2 O-O
9.O-O Re8 10.Nd2 a6 11.a4 Nbd7 12.Nc4 Ne5 13.Nxe5 Rxe5 14.Qc2 Rb8 15.Rb1 Qc7
16.Bf4 Re8 17.Rfc1 Nh5 18.Bd2 Bg4 19.e3 Qd7 20.b4 cxb4 21.Rxb4 Bh3 22.Bxh3
Qxh3 23.Ne4 Rbc8 24.Qb1 Rxc1+ 25.Bxc1 Qd7 26.Bd2 Qe7 27.f3 Rb8 28.Rb6 Nf6
29.Nxf6+ Qxf6 30.Kg2 Qe7 31.Rxa6 Qc7 32.Rb6 Qc4 33.Be1 Qxd5 34.a5 Re8 35.e4
Qc4 36.Rxd6 f5 37.Qxb7 Qe2+ 38.Bf2 fxe4 39.fxe4 Rf8 40.Qb3+ Kh8 41.Qe3 Qh5
42.Rd5 Qg4 43.a6 Bh6 44.Qd3 {#r} 1-0

[Event "It (open)"]
[Site "masterchessopen.com - Ljubljana (Slovenia)"]
[Round "6"]
[White "Podvrsnik Marko (SLO)"]
[Black "Prudnikova Svetlana (SRB)"]
[Result "0-1"]
[WhiteElo "2196"]
[BlackElo "2349"]

1.d4 e6 2.c4 Nf6 3.g3 c5 4.d5 exd5 5.cxd5 d6 6.Bg2 g6 7.Nc3 Bg7 8.Nf3 O-O
9.O-O a6 10.a4 Nbd7 11.Nd2 Re8 12.h3 Rb8 13.Nc4 Nb6 14.Na3 Bd7 15.a5 Nc8
16.Nc4 Qc7 17.Ra2 Bb5 18.b3 Nd7 19.Qc2 b6 20.axb6 Ndxb6 21.Nd1 a5 22.Ndb2 Nxc4
23.Nxc4 Nb6 24.Re1 Nxc4 25.bxc4 Bd7 26.Bb2 Bxb2 27.Rxb2 Rb4 28.e4 Ba4 29.Qc3
Qb6 30.Rd2 Rb1 31.Rxb1 Qxb1+ 32.Kh2 Qb4 33.Rd3 Qxc3 34.Rxc3 Bd1 35.f4 f6 36.g4
a4 37.Kg3 Rb8 38.Kf2 Rb2+ 39.Ke1 Bb3 40.Bf1 a3 41.Bd3 a2 42.Rc1 Bc2 43.Bxc2
Rxc2 44.Rxc2 a1=Q+ {#R} 0-1